00838nam a22002297a 4500001000500000005001700005008004100022020001800063040002400081082001200105100002100117245004300138250004700181260003300228300003800261490001800299505000800317520018900325521002800514521002000542650004600562104620230719104243.0230719b cb ||||| |||| 00| 0 eng d a9780749737306 bengcFISKH dFISKH  a823.914 aBertagna, Julie  aDolphin Boy /cAuthor : Julie Bertagna aFirst published in Great Britain in 1999.  aLondon : bMammoth, c1999.  a87 pages : billustrations, c20  aMammoth Read  aN  aA boy who won't speak meets a lost dolphin. Trapped in loneliness, a bond of friendship grows between them that leads the way to happiness and freedom for both the boy and the dolphin. a560 bLexile estimate  aN bRaz-Plus  acommunication disordersvdolphinxanimals